000 00461pab a2200181 454500
008 180718b1999 xxu||||| |||| 00| 0 eng d
100 _aMishra, Simita
245 _aAsset-liability management: the weak-strong divide
260 _c1999
300 _ap.33-38
362 _aSep
650 _aBanks
650 _aManagement
650 _aAsset liability management
700 _aSahoo, Prasant K.
773 _aASCI Journal of Management
909 _a45878
999 _c45878
_d45878